00423 2200169 4500001002100000008004100021035002000062245003700082250001000119260003300129300002500162020001500187084001700202082001100219650001000230990001300240INLIS000000000000003 ind  a0010-0921000003 aCinta BrontosauruscRaditya Dika aCet.1 aJakarta :bGagas Mediac2006 a152c11,5 cm x 19 cm a9797800598 a808.83 RAD c a808.83 aFiksi aDI. 2116